Veletržní expozice: klíč k úspěchu

Príprava scenára pre expozíciu. Inovácie - korenie každej expozície. Komunikácia na stánku. Organizácia a personál výstavy. Úloha jednotlivých pracovníkov na výstave. Prieskum trhu na veľtrhu. Propagácia a práca s verejnosťou.

Gespeichert in:
Bibliographische Detailangaben
1. Verfasser: Menšíková, Dana
Format: Buchkapitel
Sprache:Tschechisch
Schlagworte:
Tags: Tag hinzufügen
Keine Tags, Fügen Sie das erste Tag hinzu!

MARC

LEADER 00000naa$a2200000$$$4500
001 0038356
005 20231018125851.2
041 0 |a cze 
044 |a CZ 
245 1 0 |a Veletržní expozice: klíč k úspěchu  |c Dana Menšíková 
520 |a Príprava scenára pre expozíciu. Inovácie - korenie každej expozície. Komunikácia na stánku. Organizácia a personál výstavy. Úloha jednotlivých pracovníkov na výstave. Prieskum trhu na veľtrhu. Propagácia a práca s verejnosťou. 
610 2 0 |a výstavy 
610 2 0 |a veľtrhy 
610 2 0 |a komunikácia masová 
610 2 0 |a prezentácia firemná 
610 2 0 |a spoločnosti 
610 2 0 |a personál 
610 2 0 |a propagácia 
610 2 0 |a prieskum trhu 
610 2 0 |a inovácia 
100 1 |a Menšíková, Dana